बुझते दीये तले: (Record no. 38014)

MARC details
000 -LEADER
fixed length control field 01092nam a22002297a 4500
005 - DATE AND TIME OF LATEST TRANSACTION
control field 20100728104917.0
010 ## - LCCN (DPL NO)
LC control number HIN-89857
020 ## - INTERNATIONAL STANDARD BOOK NUMBER
Terms of availability 80.00
035 ## - SYSTEM CONTROL NUMBER
System control number HN-62203
037 ## - SOURCE OF ACQUISITION
Source of stock number/acquisition DBAD / PUB
082 ## - DEWEY DECIMAL CLASSIFICATION NUMBER
Classification number 821
100 ## - MAIN ENTRY--PERSONAL NAME
Personal name बन्धु, रविकुमार 'निर्बल'
245 ## - TITLE STATEMENT
Title बुझते दीये तले:
Remainder of title कविता संग्रह /
Statement of responsibility, etc रविकुमार बन्धु 'निर्बल'
246 ## - VARYING FORM OF TITLE
Title proper/short title Bujhte diye taley:Kavita Sangrah
Remainder of title by Ravikumar Bandhu 'Nirbal'
260 ## - PUBLICATION, DISTRIBUTION, ETC. (IMPRINT)
Place of publication, distribution, etc इन्दौर
Name of publisher, distributor, etc साहित्य संगम
Date of publication, distribution, etc 2009
270 ## - ADDRESS
Address 'श्रमफल' 1520, सुदामा नगर,
City इन्दौर
Postal code 9
Telephone number 2482259, मो.-9893034149
300 ## - PHYSICAL DESCRIPTION
Extent 111पृ.
Dimensions 22सेमी (अजिल्द)
650 ## - SUBJECT ADDED ENTRY--TOPICAL TERM
Topical term following geographic name as entry element हिन्दी कविता
650 ## - SUBJECT ADDED ENTRY--TOPICAL TERM
Topical term following geographic name as entry element Hindi Poetry
942 ## - ADDED ENTRY ELEMENTS (KOHA)
Source of classification or shelving scheme Dewey Decimal Classification
Item type Hindi Books
Classification part 821
Call number suffix बन्धुर
Holdings
Withdrawn status Lost status Not for loan Collection code Home library Current library Date acquired Source of acquisition Cost, normal purchase price Full call number Barcode Copy number Cost, replacement price Koha item type
    Not For Loan Non-fiction D.B.Act.Division D.B.Act.Division 28/07/2010 DBAD / PUB 80.00 821 बन्धुर HN-62203 1 80.00 Hindi Books

© Delhi Public Library
Hit Counter
free hit counter